Catálogo

EL ARTE DE LA MAQUETA ARQUITECTONICA . : (Registro nro. 43878)

Detalles MARC
000 -LEADER
fixed length control field 01158nam a2200217 a 4500
001 - CONTROL NUMBER
control field 43878
005 - DATE AND TIME OF LATEST TRANSACTION
control field 20180714022539.0
008 - FIXED-LENGTH DATA ELEMENTS--GENERAL INFORMATION
fixed length control field 140415s1995 mx 000 0 spa d
020 ## - INTERNATIONAL STANDARD BOOK NUMBER
International Standard Book Number 968422916X
041 ## - LANGUAGE CODE
Language code of text/sound track or separate title spa
082 ## - DEWEY DECIMAL CLASSIFICATION NUMBER
Classification number 720.22
Item number MOO
100 1# - MAIN ENTRY--PERSONAL NAME
Personal name MOORE, FULLER
245 13 - TITLE STATEMENT
Title EL ARTE DE LA MAQUETA ARQUITECTONICA . :
Remainder of title GUIA PRACTICA PARA LA CONSTRUCCION DE MAQUETAS
250 ## - EDITION STATEMENT
Edition statement 1a ed.
260 ## - PUBLICATION, DISTRIBUTION, ETC.
Place of publication, distribution, etc. MEXICO :
Name of publisher, distributor, etc. MCGRAW HILL INTERAMERICANA DE MEXICO,
Date of publication, distribution, etc. 1995
300 ## - PHYSICAL DESCRIPTION
Extent
Dimensions x 22 x 29
520 ## - SUMMARY, ETC.
Summary, etc. ESTE ES UN MANUAL CLARO Y PRÁCTICO PARA ARQUITECTOS DE EDIFICIOS Y PAISAJES, Y PARA DISEÑADORES DE INTERIORES. POR MEDIO DE ABUNDANTES ILUSTRACIONES Y FOTOGRAFÍAS CAPTADAS SOBRE EL HOMBRO DEL CONSTRUCTOR, EL AUTOR EXPONE TÉCNICAS PARA CONSTRUIR RÁPIDAMENTE MAQUETAS DE CALIDAD PROFESIONAL, CON HERRAMIENTAS SENCILLAS Y MATERIALES ACCESIBLES. ALGUNOS DE LOS TEMAS: PLANIFICACIÓN DEL MODELO, MATERIALES Y SUMINISTROS, LA BASE DEL MODELO, ACCESORIOS DEL ENTORNO, MODELOS EN PEQUEÑA ESCALA...
650 14 - SUBJECT ADDED ENTRY--TOPICAL TERM
Topical term or geographic name entry element ARQUITECTURA
General subdivision MAQUETAS (ARQUITECTURA)
700 1# - ADDED ENTRY--PERSONAL NAME
Personal name ÁVALOS QUINTERO, PABLO
Relator term tr.
740 ## - ADDED ENTRY--UNCONTROLLED RELATED/ANALYTICAL TITLE
Uncontrolled related/analytical title modelbuilderÅ› notebook
Existencias
Withdrawn status Lost status Source of classification or shelving scheme Damaged status Not for loan Collection code Home library Current library Shelving location Date acquired Source of acquisition Inventory number Total Checkouts Total Renewals Full call number Barcode Date last seen Date last checked out Price effective from Koha item type
    Dewey Decimal Classification     General Biblioteca Karol Wojtyla Biblioteca Karol Wojtyla Sala general 03/12/2013 Compra 151000000000000000027755 1 1 720.22 MOO 65994 05/01/2026 22/02/2019 03/12/2013 Libro